| 000 | 01416nam a2200373 a 4500 | ||
|---|---|---|---|
| 003 | CHAP | ||
| 005 | 20230512132044.0 | ||
| 007 | ta | ||
| 008 | 230512s2017 ck |||fr|||| 001 0 spa d | ||
| 020 | _a978-958-771-502-6 | ||
| 040 |
_amxchpua _cCHAP _erda |
||
| 050 | 1 | 0 |
_aHD53 _b.P37 2017 |
| 082 | 0 | 0 |
_a658.1141 _bP37 2017 _223 |
| 100 | 1 |
_9186978 _aParra Alviz, Mercedes _eautora |
|
| 245 | 1 | 0 |
_aEmprendimiento y creatividad : _baspectos esenciales para crear empresa / _cMercedes Parra Alviz, Germán Rubio Guerrero y Laura Marcela López Posada |
| 250 | _a1a edición | ||
| 264 |
_aBogotá, Colombia : _bECOE Ediciones, _c2017 |
||
| 300 |
_axvi, 183 páginas : _btablas |
||
| 336 |
_2rdacontent _atexto _btxt |
||
| 337 |
_2rdamedia _asin medio _bn |
||
| 338 |
_2rdacarrier _avolumen _bnc |
||
| 490 | 1 | _aCiencias empresariales. Emprendimiento y liderazgo (ECOE Ediciones) | |
| 504 | _aBibliografía: páginas 175-183 | ||
| 650 | 1 | 3 |
_9148031 _aIniciativa empresarial |
| 650 | 1 | 3 |
_9148852 _aGestión administrativa |
| 650 | 1 | 3 |
_9148164 _aMercadotecnia |
| 650 | 1 | 3 |
_9148030 _aEntrepreneurship |
| 650 | 1 | 3 |
_9148850 _aAdministrative management |
| 650 | 1 | 3 |
_9148134 _aMarketing |
| 700 | 1 |
_9187001 _aRubio Guerrero, Germán _eautor |
|
| 700 | 1 |
_9187002 _aLópez Posada, Laura Marcela _eautora |
|
| 830 | 0 |
_9186987 _aCiencias empresariales. Emprendimiento y liderazgo (ECOE Ediciones) |
|
| 942 |
_2ddc _cLibro |
||
| 999 |
_c218733 _d218733 |
||